The Shanghai Metro System - Statistics

General Stats
  • This quiz has been taken 77 times
  • The average score is 17 of 20
Answer Stats
Length Color Answer % Correct
82.39 km Brown Line 11
100%
60.56 km Green Line 2
97%
64.4 km Sky Blue Line 9
97%
59.33 km Aqua Line 16
92%
40.34 km Yellow Line 3
92%
36.89 km Red Line 1
90%
46.14 km Light Purple Line 10
90%
40.42 km Dark Green Line 12
90%
44.35 km Orange Line 7
90%
37.5 km Blue Line 8
90%
38.8 km Pink Line 13
88%
39.1 km Olive Line 14
88%
32.7 km Purple Line 5
88%
33.52 km Cherry Line 6
88%
42.3 km Khaki Line 15
87%
35.34 km Light Brown Line 17
87%
36.8 km Champagne Line 18
85%
22.03 km Dark Purple Line 4
73%
6.69 km Grey Pujiang Line
60%
29 km / Maglev Train
27%
No matching quizzes found
Score Distribution
Percent of People with Each Score
Percentile by Number Answered
Your Score History
You have not taken this quiz